Sintáctica y semántica en la gramática generativa

Uloženo v:
Podrobná bibliografie
Hlavní autor: Chomsky, Noam
Médium: Kniha
Jazyk:Undetermined
Vydáno: México, Distrito Federal Siglo Veintiuno Editores 1972
Témata:
Tagy: Přidat tag
Žádné tagy, Buďte první, kdo vytvoří štítek k tomuto záznamu!

MARC

LEADER 00000nam a2200000Ia 4500
008 170316s9999 xx 000 0 und d
090 |a 410 Ch-7s 
100 |a Chomsky, Noam 
245 |a Sintáctica y semántica en la gramática generativa 
260 |a México, Distrito Federal 
260 |b Siglo Veintiuno Editores 
260 |c 1972 
300 |a 255 páginas 
650 |a LINGÜÍSTICA 
999 |c 18332  |d 18332 
040 |a cru BVZT 
942 |c 15 D  |h 410 Ch-7s  |2 z